<?xml version="1.0" encoding="UTF-8"?>
<marc:record xmlns:marc="http://www.loc.gov/MARC21/slim">
   <marc:leader>00000nam a2200000 a 4500</marc:leader>
   <marc:datafield ind1="1" ind2=" " tag="100">
      <marc:subfield code="a">Rigos, Alexandra</marc:subfield>
      <marc:subfield code="4">aut</marc:subfield>
      <marc:subfield code="e">Verfasser/-in</marc:subfield>
   </marc:datafield>
   <marc:datafield ind1="0" ind2="0" tag="245">
      <marc:subfield code="a">Bienen und Wespen</marc:subfield>
   </marc:datafield>
   <marc:datafield ind1="0" ind2="0" tag="245">
      <marc:subfield code="b">flüssiges Gold und spitzer Stachel</marc:subfield>
   </marc:datafield>
   <marc:datafield ind1="0" ind2="0" tag="245">
      <marc:subfield code="c">Alexandra Rigos</marc:subfield>
   </marc:datafield>
   <marc:datafield ind1=" " ind2="1" tag="264">
      <marc:subfield code="a">Nürnberg</marc:subfield>
      <marc:subfield code="b">Tessloff</marc:subfield>
      <marc:subfield code="c">2014</marc:subfield>
   </marc:datafield>
   <marc:datafield ind1="1" ind2=" " tag="490">
      <marc:subfield code="a">Was ist Was</marc:subfield>
   </marc:datafield>
   <marc:datafield ind1="1" ind2=" " tag="520">
      <marc:subfield code="a">Jede für sich ist winzig, doch gemeinsam sind sie stark: Bienen und Wespen gehören zu den erfolgreichsten Lebewesen unseres Planeten. Die Zusammenarbeit im Insektenstaat läuft reibungslos wie eine Maschine - ohne dass ein Boss den Tierchen sagt, was sie tun sollen. Ein menschlicher Beobachter kann angesichts dieser perfekten Arbeitsteilung nur staunen. So organisiert vollbringen Bienen und Wespen fabelhafte Werke: Wunderschön sehen die papierzarten Wespennester aus, köstlich schmeckt der Honig, den unermüdliche Bienen sammeln. Für ein Kilogramm fliegen sie bis zu fünf Millionen Blüten an! (Verlagstext)</marc:subfield>
   </marc:datafield>
   <marc:datafield ind1=" " ind2=" " tag="020">
      <marc:subfield code="a">9783788620721</marc:subfield>
      <marc:subfield code="9">9783788620721</marc:subfield>
   </marc:datafield>
   <marc:datafield ind1=" " ind2=" " tag="041">
      <marc:subfield code="a">ger</marc:subfield>
   </marc:datafield>
   <marc:datafield ind1=" " ind2=" " tag="300">
      <marc:subfield code="a">48 S. : zahlr Ill.</marc:subfield>
   </marc:datafield>
</marc:record>
